Rosco de Pasapalabra #19 - Estadísticas

Estadísticas generales
  • Esta prueba ha sido intentada 638 veces
  • La puntuación promedio es 13 de 25
Estadísticas de respuestas
Inicial Definición Respuesta % Correcto
D Se dice del sabor que causa una sensación suave y agradable al paladar, como el del azúcar o la miel Dulce
95%
Contiene la Q Adverbio que significa 'en este lugar' Aquí
84%
I Hacer subir algo, como una bandera, tirando de la cuerda de que está colgado Izar
84%
A Construcción en forma de puente para transportar el agua de un lado a otro de una depresión del terreno Acueducto
83%
B Persona que disfruta de una subvención para realizar estudios o investigaciones Becario
83%
M Materia dura y blanca de los colmillos de los elefantes Marfil
81%
C Máquina militar antigua que servía para lanzar piedras o flechas Catapulta
78%
L Perteneciente o relativo a la parte de la espalda comprendida entre la cintura y los glúteos Lumbar
78%
T Superficie generalmente cuadrada, dibujada o dispuesta para jugar a ciertos juegos de mesa, como el ajedrez Tablero
77%
S Astro sin luz propia, que gira alrededor de cierto planeta Satélite
74%
P Parte interior y superior de la boca del animal vertebrado Paladar
71%
G Isla constituida como una región autónoma de Dinamarca, con capital en la ciudad de Nuuk Groenlandia
66%
N Aprecio excesivo del aspecto físico, las cualidades o los actos de uno mismo Narcisismo
62%
R Uso terapéutico de la risa Risoterapia
61%
H Ancho y sobrado para lo que ha de contener Holgado
55%
Z Tercera persona del singular del futuro simple de indicativo del verbo zarandear Zarandeará
50%
U Sustancia nitrogenada formada en el hígado que es la parte principal de la orina de los vertebrados terrestres Urea
43%
O Se dice de la persona que obra o juzga con imparcialidad, desapasionamiento y justicia Objetivo
36%
Contiene la X Cualidad de cercano Proximidad
28%
Contiene la Ñ Recipiente circular de barro, metal o plástico, generalmente más ancho por la boca que por la base Barreño
21%
F Conjunto de feligreses de una parroquia Feligresía
21%
Contiene la Y Escolta o guardia que se destina para llevar con seguridad y resguardo algo por mar o por tierra Convoy
6%
E Nombre del filósofo griego del siglo V antes de Cristo autor del poema titulado 'Acerca de la naturaleza' Empédocles
4%
J Pérdida o menoscabo de algo Jactura
1%
V Apellido del entrenador de fútbol que ganó la Eurocopa de 1968, dirigiendo a la selección italiana Valcareggi
1%
No se encontraron pruebas coincidentes
Distribución de puntuación
Porcentaje de gente con cada puntuación
Porcentaje por número respondido
Historial de tus puntuaciones
No has intentado esta prueba.